Puchar Świata - klasyfikacja generalna za sezon 2002/03 - Statystyki

Ogólne statystyki
  • Ten quiz został rozwiązany 42 razy
  • Średni wynik to 51 z 85
Statystyki odpowiedzi
Miejsce Skoczek Narodowość Pkt % Poprawnych
1. Adam Małysz Polska 1357
100%
4. Janne Ahonen Finlandia 1016
100%
3. Andreas Widhoelzl Austria 1028
97%
51. Jussi Hautamaeki Finlandia 38
97%
23. Martin Schmitt Niemcy 253
97%
8. Matti Hautamaeki Finlandia 797
97%
30. Kazuyoshi Funaki Japonia 185
95%
13. Noriaki Kasai Japonia 548
95%
2. Sven Hannawald Niemcy 1235
95%
20. Thomas Morgenstern Austria 385
95%
16. Andreas Kofler Austria 506
92%
6. Martin Hoellwarth Austria 925
92%
7. Primoz Peterka Słowenia 805
92%
28. Simon Ammann Szwajcaria 202
92%
14. Bjoern Einar Romoeren Norwegia 523
89%
17. Robert Kranjec Słowenia 431
89%
19. Peter Zonta Słowenia 410
86%
9. Roar Ljoekelsoey Norwegia 757
86%
12. Andreas Goldberger Austria 556
84%
15. Michael Uhrmann Niemcy 516
84%
Robert Mateja Polska 5
84%
Wolfgang Loitzl Austria 20
84%
5. Florian Liegl Austria 986
81%
69. Risto Jussilainen Finlandia 13
81%
10. Sigurd Pettersen Norwegia 747
81%
21. Tami Kiuru Finlandia 380
81%
60. Andreas Kuttel Szwajcaria 20
78%
53. Dimitriy Vassiliev Rosja 32
78%
34. Martin Koch Austria 151
78%
31. Roberto Cecon Włochy 183
78%
42. Anders Bardal Norwegia 77
76%
11. Hideharu Miyahira Japonia 639
76%
Marcin Bachleda Polska 77
76%
22. Veli-Matti Lindstroem Finlandia 295
73%
32. Georg Spath Niemcy 172
70%
25. Jakub Janda Słowenia 227
70%
40. Janne Happonen Finlandia 84
70%
63. Alan Alborn Stany Zjednoczone 17
68%
38. Michael Neumayer Niemcy 92
68%
52. Stephan Hocke Niemcy 36
68%
Tomisław Tajner Polska 15
68%
Alexander Herr Niemcy 25
65%
35. Tommy Ingebrigtsen Norwegia 150
65%
26. Lars Bystoel Norwegia 226
62%
41. Rok Benkovic Słowenia 83
62%
24. Arttu Lappi Finlandia 241
59%
50. Clint Jones Stany Zjednoczone 44
59%
70. Emmanuel Chedal Francja 12
59%
72. Jan Matura Czechy 7
59%
64. Nicolas Dessum Francja 16
59%
29. Henning Stensrud Norwegia 200
54%
Jan Mazoch Czechy 4
51%
27. Reinhard Schwarzenberger Austria 216
51%
Tomasz Pochwała Polska 4
51%
46. Maximilian Mechler Niemcy 54
49%
Jorg Ritzerfeld Niemcy 16
46%
Martin Mesik Słowacja 15
46%
76. Rok Urbanc Słowenia 5
46%
49. Akira Higashi Japonia 47
43%
18. Christian Nagiller Austria 428
43%
33. Damjan Fras Słowenia 156
43%
57. Igor Medved Słowenia 25
43%
71. Michael Moellinger Niemcy 8
43%
45. Akseli Kokkonen Finlandia 59
41%
Toni Nieminen Finlandia 28
41%
Ilya Roslakov Rosja 20
38%
47. Christof Duffner Niemcy 50
35%
54. Jaan Juris Estonia 28
35%
81. Kalle Keituri Finlandia 3
32%
56. Kristoffer Jaafs Szwecja 27
32%
44. Stefan Thurnbichler Austria 67
32%
Teppei Takano Japonia 50
32%
66. Sylvian Frelholz Szwajcaria 15
30%
Balthasar Schneider Austria 25
27%
Ingemar Mayr Holandia 2
27%
Marco Steinauer Szwajcaria 1
27%
39. Stefan Pieper Niemcy 87
24%
37. Mathias Hafele Austria 124
22%
Pekka Salminen Finlandia 6
22%
Kai Bracht Niemcy 6
8%
78. Maxime Remy Francja 4
8%
84. Dirk Else Niemcy 1
5%
73. Janne Ylijaervi Finlandia 6
5%
82. Jens Salumaee Estonia 2
5%
36. Kim-Roar Hansen Norwegia 143
5%
Nie znaleziono quizów pasujących do podanych kryteriów
Rozkład punktacji
Procent ludzi z każdym wynikiem
Percentyl według liczby udzielonych odpowiedzi
Twoja historia wyników
Nie rozwiązałeś tego quizu